| 000 | 01344nam a22003977a 4500 | ||
|---|---|---|---|
| 001 | BR8600246 | ||
| 003 | BR-BrBNA | ||
| 005 | 20230928092219.0 | ||
| 007 | ta | ||
| 008 | 230509b bl.||||| |||| 00| 0 por d | ||
| 040 |
_aBR-BrBNA _bpor _cBiblioteca Nacional de Agricultura |
||
| 041 | _a(Por) | ||
| 072 |
_aD10; E14 _b/G514 |
||
| 090 | _ D10 BR8600246 | ||
| 110 | 1 |
_aDelegacia Federal de Agricultura de Pernambuco, Recife (Brasil). Secao de Programacao _93057 |
|
| 245 | 1 | _aAcompanhamento analitico da execucao dos convenios e ajustes do Ministerio da Agricultura no estado de Pernambuco. Primeiro trimestre de 1985 | |
| 246 | 1 | _a[Analytical follow-up for execution of the conventions and adjustments of the Ministry of Agriculture in the state Pernambuco. First quarter 1985] | |
| 260 | 3 |
_aRecife, PE (Brasil): _c1985. |
|
| 300 | _a29 p. | ||
| 650 | _aPLANEJAMENTO ADMINISTRATIVO | ||
| 650 | _aPOLITICA ADMINISTRATIVA | ||
| 650 | _aDESENVOLVIMENTO AGRICOLA | ||
| 650 | _aCERTIFICACAO DE SEMENTE | ||
| 650 | _aSEMENTE | ||
| 650 | _aCAPRINOCULTURA | ||
| 650 | _aCOMERCIALIZACAO | ||
| 650 | _aALGODAO | ||
| 650 | _aERRADICACAO | ||
| 650 | _aBICUDO | ||
| 650 | _aINSTALACAO AGRICOLA | ||
| 650 | _aABATEDOURO | ||
| 650 | _aBARRAGEM | ||
| 650 | _aPERNAMBUCO | ||
| 909 |
_a202309 _bLucia _c55 _dLucia Elande |
||
| 942 | _cBK | ||
| 999 |
_c37721 _d37721 |
||